[Event "ENCI Limburg-open B"]
[Site "Maastricht"]
[Date "2009.05.30"]
[Round "3"]
[White "Overtoom, Reinier"]
[Black "Hesselmann, Hans"]
[Result "0-1"]
[WhiteElo "1725"]
[BlackElo "1870"]
[PlyCount "88"]
[EventDate "2009.05.29"]
[EventType "swiss"]
[EventRounds "7"]
[EventCountry "NED"]
[Source "P.Boonen"]
[SourceDate "2010.01.01"]

1. Nc3 d5 2. e4 d4 3. Nce2 e5 4. Ng3 Bd6 5. Bc4 Nf6 6. d3 O-O 7. Nf3 h6 8. O-O
c6 9. h3 b5 10. Bb3 a5 11. a3 Na6 12. Nf5 Bxf5 13. exf5 Qc7 14. Re1 c5 15. Nd2
Qc6 16. f3 Rac8 17. Ne4 Be7 18. g4 c4 19. Ba2 Nxe4 20. fxe4 Qf6 21. Kg2 Qh4 22.
Rf1 Bg5 23. Qf3 c3 24. b4 Bxc1 25. Raxc1 axb4 26. axb4 Nxb4 27. Bb3 Ra8 28. Qg3
Qxg3+ 29. Kxg3 Ra3 30. Rfd1 Rfa8 31. h4 Rxb3 32. cxb3 Ra3 33. g5 Rxb3 34. g6
Rb2 35. Kf3 h5 36. Ra1 Na2 37. Rxa2 Rxa2 38. Rb1 Ra5 39. Ke2 Kf8 40. Kd1 f6 41.
Kc2 Ke7 42. Kb3 Kd6 43. Kb4 Ra2 44. Kxb5 Rb2+ 0-1

[Event "ENCI Limburg-open B"]
[Site "Maastricht"]
[Date "2009.05.30"]
[Round "3"]
[White "Provinciael, Ernest"]
[Black "Vereggen, Lars"]
[Result "0-1"]
[WhiteElo "1901"]
[BlackElo "1779"]
[PlyCount "118"]
[EventDate "2009.05.29"]
[EventType "swiss"]
[EventRounds "7"]
[EventCountry "NED"]
[Source "P.Boonen"]
[SourceDate "2010.01.01"]

1. e4 c5 2. d4 cxd4 3. c3 dxc3 4. Nxc3 d6 5. Bc4 Nf6 6. e5 Qc7 7. Qb3 d5 8.
Bb5+ Nfd7 9. Nxd5 Qxe5+ 10. Ne2 e6 11. Ndc3 a6 12. Qa4 Qc5 13. a3 Qa7 14. Bd3
Bc5 15. O-O Nc6 16. Qh4 Nde5 17. Bc2 b5 18. Ne4 Bb7 19. Rd1 Ne7 20. N2g3 N7g6
21. Qh5 Rc8 22. Qe2 O-O 23. Nxc5 Qxc5 24. Bb1 Rfd8 25. Rxd8+ Rxd8 26. Be3 Qc4
27. Qh5 Qb3 28. Bxg6 Nxg6 29. Qe2 h6 30. Rc1 Bd5 31. Rc3 Qa2 32. Qd2 Ne7 33.
Bb6 Rc8 34. Rxc8+ Nxc8 35. Be3 Nd6 36. h3 Nc4 37. Qc3 Qxb2 38. Qxb2 Nxb2 39.
Bc1 Nd3 40. Bd2 f6 41. Kf1 Bc4 42. Kg1 Kf7 43. Ne4 Ke7 44. Bc3 e5 45. Nd2 Ke6
46. Ne4 Kd5 47. Ng3 g6 48. Nf1 Nf4 49. Ne3+ Ke4 50. Bb4 Nd3 51. Ba5 Kd4 52. Ng4
f5 53. Nxh6 e4 54. g4 f4 55. h4 e3 56. fxe3+ fxe3 57. h5 e2 58. hxg6 b4 59.
Bb6+ Kc3 0-1

[Event "ENCI Limburg-open B"]
[Site "Maastricht"]
[Date "2009.05.30"]
[Round "3"]
[White "Reenaers, Johan"]
[Black "Schubert, Karl"]
[Result "0-1"]
[WhiteElo "1776"]
[BlackElo "1850"]
[PlyCount "60"]
[EventDate "2009.05.29"]
[EventType "swiss"]
[EventRounds "7"]
[EventCountry "NED"]
[Source "P.Boonen"]
[SourceDate "2010.01.01"]

1. e4 d6 2. f4 g6 3. Nf3 Nf6 4. d3 Bg7 5. Nc3 c6 6. Be2 O-O 7. O-O Qc7 8. Qe1
Nbd7 9. Qh4 b5 10. a3 a5 11. Bd2 Bb7 12. Nd1 c5 13. Nf2 c4 14. Rac1 Qb6 15. Kh1
Rac8 16. h3 Rc7 17. Ng5 h6 18. Nf3 Rfc8 19. f5 g5 20. Qg3 Nh5 21. Qh2 Nhf6 22.
g4 cxd3 23. Bxd3 Nc5 24. Be3 Qc6 25. Nd4 Qa6 26. Qg2 Nxd3 27. cxd3 Rxc1 28.
Rxc1 Rxc1+ 29. Bxc1 Nxe4 30. dxe4 Bxd4 0-1

[Event "ENCI Limburg-open B"]
[Site "Maastricht"]
[Date "2009.05.30"]
[Round "3"]
[White "Schilperoort, Jeroen"]
[Black "Klein, Leo"]
[Result "1-0"]
[WhiteElo "1926"]
[BlackElo "2037"]
[PlyCount "51"]
[EventDate "2009.05.29"]
[EventType "swiss"]
[EventRounds "7"]
[EventCountry "NED"]
[Source "P.Boonen"]
[SourceDate "2010.01.01"]

1. Nc3 d5 2. e4 dxe4 3. Nxe4 Nd7 4. Bc4 Ndf6 5. Ng3 Qd4 6. d3 Bg4 7. Nf3 Bxf3
8. Qxf3 c6 9. O-O e6 10. Be3 Qg4 11. Qxg4 Nxg4 12. Bd4 N4f6 13. f4 g6 14. Rae1
Be7 15. Ne4 h6 16. g4 Rh7 17. f5 gxf5 18. gxf5 Nxe4 19. Rxe4 b5 20. Bb3 c5 21.
fxe6 f5 22. Rxf5 cxd4 23. Rxb5 Bg5 24. Ba4 Be3+ 25. Rxe3 Rg7+ 26. Rg5+ 1-0

[Event "ENCI Limburg-open B"]
[Site "Maastricht"]
[Date "2009.05.30"]
[Round "3"]
[White "Scholzen, Wolfgang"]
[Black "Pijlman, Rene"]
[Result "1-0"]
[WhiteElo "2028"]
[BlackElo "1886"]
[PlyCount "117"]
[EventDate "2009.05.29"]
[EventType "swiss"]
[EventRounds "7"]
[EventCountry "NED"]
[Source "P.Boonen"]
[SourceDate "2010.01.01"]

1. e4 c5 2. Nf3 g6 3. d4 cxd4 4. Nxd4 Nc6 5. Be3 Nf6 6. Nc3 Bg7 7. Be2 O-O 8.
O-O d5 9. exd5 Nb4 10. Nf3 Nbxd5 11. Nxd5 Nxd5 12. Bd4 Be6 13. Bxg7 Kxg7 14.
Qd4+ Kg8 15. Ng5 Bf5 16. Rfd1 Nf6 17. Qb4 Qc7 18. c3 h6 19. Nf3 e5 20. Qd6 Qxd6
21. Rxd6 Ne8 22. Rd5 f6 23. Nh4 Be6 24. Rd2 Kf7 25. Rad1 Nc7 26. Rd7+ Bxd7 27.
Rxd7+ Ke6 28. Rxc7 g5 29. Nf3 Rab8 30. h3 h5 31. g4 hxg4 32. hxg4 Rfd8 33. Bc4+
Kd6 34. Rf7 Kc5 35. Bb3 Rd6 36. Kf1 Kb6 37. Ke2 Rbd8 38. Ke3 R8d7 39. Rxd7 Rxd7
40. Nd2 Rh7 41. Ne4 Rh3+ 42. Ke2 Rh6 43. Be6 Kc6 44. b4 b6 45. c4 Kc7 46. Nc3
Kc6 47. Bd5+ Kc7 48. Ke3 Rh2 49. Bf3 Kd7 50. Nb5 a5 51. a3 axb4 52. axb4 Rh8
53. Nc3 Rc8 54. Nd5 Rc6 55. b5 Rd6 56. Be4 Kc8 57. Bf5+ Kb7 58. Ke4 Kb8 59. Bg6
1-0

[Event "ENCI Limburg-open B"]
[Site "Maastricht"]
[Date "2009.05.30"]
[Round "3"]
[White "Snoeck, Rene"]
[Black "Guelpen, Markus"]
[Result "0-1"]
[WhiteElo "1916"]
[BlackElo "2032"]
[PlyCount "34"]
[EventDate "2009.05.29"]
[EventType "swiss"]
[EventRounds "7"]
[EventCountry "NED"]
[Source "P.Boonen"]
[SourceDate "2010.01.01"]

1. d4 d5 2. c4 dxc4 3. e4 e5 4. Nf3 exd4 5. Bxc4 Nc6 6. O-O Be6 7. Bb5 Bc5 8.
Qc2 Bb6 9. Rd1 Nge7 10. Nc3 O-O 11. Na4 Bg4 12. Nxb6 axb6 13. Bf4 Bxf3 14. gxf3
Rc8 15. Be3 Qd6 16. Bxc6 Nxc6 17. Kh1 Qf6 0-1

[Event "ENCI Limburg-open B"]
[Site "Maastricht"]
[Date "2009.05.30"]
[Round "3"]
[White "Staudte, Rainer"]
[Black "Wissink, Sander"]
[Result "0-1"]
[WhiteElo "1855"]
[BlackElo "1945"]
[PlyCount "118"]
[EventDate "2009.05.29"]
[EventType "swiss"]
[EventRounds "7"]
[EventCountry "NED"]
[Source "P.Boonen"]
[SourceDate "2010.01.01"]

1. d4 Nf6 2. c4 g6 3. f3 Bg7 4. e4 d6 5. Nc3 O-O 6. Be3 e5 7. d5 Ne8 8. Qd2 f5
9. O-O-O a5 10. Kb1 Nf6 11. Nge2 Na6 12. Nc1 b6 13. Bd3 Nc5 14. Bc2 Bd7 15. Bg5
Rf7 16. Nd3 Nxd3 17. Bxd3 Qf8 18. Rhf1 Re8 19. Rde1 Nh5 20. Be3 Kh8 21. Bc2 f4
22. Bg1 Bf6 23. Ba4 Bxa4 24. Nxa4 Bh4 25. Rc1 Rg7 26. a3 g5 27. Nxb6 cxb6 28.
Bxb6 a4 29. Ba5 g4 30. Bb4 gxf3 31. gxf3 Be7 32. Qc2 Ra8 33. Rg1 Rxg1 34. Rxg1
Nf6 35. Qg2 Rc8 36. Rc1 Nd7 37. Qg4 Nc5 38. Bxc5 Rxc5 39. Qe6 Rc7 40. b4 axb3
41. Kb2 Qg7 42. Qh3 Qg8 43. Kxb3 Qb8+ 44. Ka2 Rb7 45. Qg2 Bd8 46. Rc3 Ba5 47.
Rd3 Qc8 48. Qc2 Rc7 49. Kb3 Bb6 50. Rd1 Bc5 51. Ra1 Bd4 52. Rb1 Qa6 53. a4 h6
54. h3 Ra7 55. Qa2 Qa5 56. Rc1 Rb7+ 57. Kc2 Rb2+ 58. Qxb2 Bxb2 59. Kxb2 Qb4+
0-1

[Event "ENCI Limburg-open B"]
[Site "Maastricht"]
[Date "2009.05.30"]
[Round "3"]
[White "Van Steenkiste, Luc"]
[Black "Uckerman, John"]
[Result "1-0"]
[WhiteElo "1827"]
[BlackElo "1687"]
[PlyCount "51"]
[EventDate "2009.05.29"]
[EventType "swiss"]
[EventRounds "7"]
[EventCountry "NED"]
[Source "P.Boonen"]
[SourceDate "2010.01.01"]

1. d4 Nf6 2. Nc3 d5 3. e4 dxe4 4. f3 e3 5. Bxe3 Bf5 6. g4 Bg6 7. Nh3 e6 8. Qd2
Be7 9. O-O-O Nd5 10. Nxd5 Qxd5 11. Kb1 Nc6 12. Nf4 Qxf3 13. Be2 Qe4 14. Bd3 Qf3
15. Be2 Qe4 16. a3 O-O-O 17. Rhf1 Ne5 18. Qc3 Bf6 19. dxe5 Bxe5 20. Qb3 Bxf4
21. Rxf4 Rxd1+ 22. Bxd1 Qh1 23. Rd4 e5 24. Rd2 Re8 25. Ka2 Rd8 26. Bf3 1-0

[Event "ENCI Limburg-open B"]
[Site "Maastricht"]
[Date "2009.05.30"]
[Round "3"]
[White "Van den Born, Ico"]
[Black "Titgemeyer, Thomas"]
[Result "1-0"]
[WhiteElo "1876"]
[BlackElo "1799"]
[PlyCount "73"]
[EventDate "2009.05.29"]
[EventType "swiss"]
[EventRounds "7"]
[EventCountry "NED"]
[Source "P.Boonen"]
[SourceDate "2010.01.01"]

1. c4 e6 2. Nc3 d5 3. d4 c5 4. cxd5 exd5 5. dxc5 Nf6 6. Bg5 Bxc5 7. e3 O-O 8.
Bxf6 Qxf6 9. Qxd5 Bb4 10. Qb3 Nc6 11. Nf3 Be6 12. Qc2 Rac8 13. a3 Ba5 14. Bd3
g6 15. O-O Ne5 16. Nxe5 Qxe5 17. Rac1 Bc7 18. g3 Bb8 19. Rfd1 Kg7 20. Be4 b6
21. Rd4 Qf6 22. f4 h5 23. Qd2 h4 24. Bf3 hxg3 25. hxg3 Rh8 26. Ne4 Rxc1+ 27.
Qxc1 Qe7 28. Qc3 f6 29. Rd2 Rc8 30. Qd4 Rc1+ 31. Kg2 Bc7 32. g4 Rc4 33. Qd3 Rc1
34. g5 fxg5 35. Qd4+ Kg8 36. Nxg5 Rc4 37. Qd3 1-0

[Event "ENCI Limburg-open B"]
[Site "Maastricht"]
[Date "2009.05.30"]
[Round "3"]
[White "Vandersmissen, Hans"]
[Black "Broekhuis, Jan"]
[Result "0-1"]
[WhiteElo "1792"]
[BlackElo "1890"]
[PlyCount "50"]
[EventDate "2009.05.29"]
[EventType "swiss"]
[EventRounds "7"]
[EventCountry "NED"]
[Source "P.Boonen"]
[SourceDate "2010.01.01"]

1. e4 e6 2. d4 d5 3. Nc3 Nf6 4. e5 Nfd7 5. f4 c5 6. Nf3 Nc6 7. Be3 cxd4 8. Nxd4
Bb4 9. a3 Bxc3+ 10. bxc3 a6 11. Nxc6 bxc6 12. c4 O-O 13. Bd3 Qa5+ 14. Bd2 Qc7
15. O-O c5 16. Rf3 g6 17. Bc3 Bb7 18. Rh3 dxc4 19. Bxc4 Nb6 20. Bd3 c4 21. Be2
Rfd8 22. Qe1 Nd5 23. Ba5 Qc5+ 24. Kh1 Nxf4 25. Rg3 Nxe2 0-1

[Event "ENCI Limburg-open B"]
[Site "Maastricht"]
[Date "2009.05.30"]
[Round "3"]
[White "Von Meijenfeldt, Bart"]
[Black "Corvers, John"]
[Result "1-0"]
[WhiteElo "1984"]
[BlackElo "1854"]
[PlyCount "85"]
[EventDate "2009.05.29"]
[EventType "swiss"]
[EventRounds "7"]
[EventCountry "NED"]
[Source "P.Boonen"]
[SourceDate "2010.01.01"]

1. e4 c5 2. Nc3 d6 3. f4 Nc6 4. Nf3 e6 5. a4 Be7 6. Bb5 a6 7. Bxc6+ bxc6 8. d3
d5 9. O-O Nf6 10. a5 O-O 11. Bd2 Rb8 12. e5 Ne8 13. Na4 f5 14. c4 g6 15. Nb6
Bb7 16. Be3 h6 17. Kh1 Nc7 18. Na4 d4 19. Bd2 Na8 20. Rg1 Kh7 21. g4 Bc8 22.
Ra3 Bd7 23. Rb3 Be8 24. g5 h5 25. Qc2 Qc7 26. Rxb8 Qxb8 27. Ra1 Bd7 28. Ra3 Qc7
29. Rb3 Rb8 30. Rxb8 Qxb8 31. Be1 Kg7 32. Nd2 Qb4 33. Nf3 Qb8 34. Kg2 Kf7 35.
h4 Bd8 36. Nxc5 Qc7 37. Nxd4 Bc8 38. Qa4 Be7 39. Bb4 Qd8 40. Nxc6 Qe8 41. Nxe7
Qxe7 42. Qc6 Nc7 43. Nxa6 1-0

[Event "ENCI Limburg-open B"]
[Site "Maastricht"]
[Date "2009.05.31"]
[Round "4"]
[White "Breest, Axel"]
[Black "Liekens, Ronny"]
[Result "1/2-1/2"]
[WhiteElo "1818"]
[BlackElo "1889"]
[PlyCount "75"]
[EventDate "2009.05.29"]
[EventType "swiss"]
[EventRounds "7"]
[EventCountry "NED"]
[Source "P.Boonen"]
[SourceDate "2010.01.01"]

1. e4 c5 2. a3 Nc6 3. b4 cxb4 4. axb4 Nxb4 5. d4 d5 6. c3 Nc6 7. exd5 Qxd5 8.
Na3 a6 9. Nb5 Qd8 10. d5 Na7 11. Qd4 Nxb5 12. Bxb5+ Bd7 13. Bxd7+ Qxd7 14. Nf3
e6 15. Ra5 b5 16. dxe6 Qxe6+ 17. Be3 Nf6 18. O-O Qd6 19. Re1 Qxd4 20. Bxd4+ Kd8
21. Rea1 Bd6 22. Rxa6 Rxa6 23. Rxa6 Ke7 24. Ra7+ Ke6 25. Ng5+ Kd5 26. Nxf7 Re8
27. f3 Re7 28. Nxd6 Rxa7 29. Bxa7 Kxd6 30. Kf2 Kd5 31. Bb8 Kc4 32. Be5 Kd3 33.
f4 Ne4+ 34. Kf3 g6 35. g4 Nd2+ 36. Kg3 Ke4 37. h4 h5 38. gxh5 1/2-1/2

[Event "ENCI Limburg-open B"]
[Site "Maastricht"]
[Date "2009.05.31"]
[Round "4"]
[White "Broekhuis, Jan"]
[Black "De Wit, Albert"]
[Result "0-1"]
[WhiteElo "1890"]
[BlackElo "1792"]
[PlyCount "90"]
[EventDate "2009.05.29"]
[EventType "swiss"]
[EventRounds "7"]
[EventCountry "NED"]
[Source "P.Boonen"]
[SourceDate "2010.01.01"]

1. e4 g6 2. d4 Bg7 3. Nf3 c6 4. Bd3 d5 5. e5 Bg4 6. Nbd2 e6 7. O-O c5 8. c3 Nc6
9. Qa4 Bxf3 10. Nxf3 cxd4 11. cxd4 Nge7 12. Bg5 O-O 13. Rac1 Qb6 14. Rc3 Nf5
15. Rb3 Qa5 16. Qxa5 Nxa5 17. Rb5 b6 18. g4 Nh6 19. h3 Rfc8 20. Bd2 Nc4 21. Bc1
Bf8 22. Rb3 Rc6 23. Rc3 Rac8 24. Nd2 b5 25. Nxc4 bxc4 26. Bb1 Kg7 27. a3 Rb8
28. Bc2 Rcb6 29. f4 Kh8 30. Rcf3 Bg7 31. f5 gxf5 32. gxf5 Nxf5 33. Bxf5 exf5
34. Rxf5 Rg6+ 35. Kh2 Bh6 36. Bxh6 Rxb2+ 37. R1f2 Rxf2+ 38. Rxf2 Rxh6 39. Rxf7
Rc6 40. Rd7 c3 41. Rd6 Rc8 42. e6 c2 43. e7 c1=Q 44. Rd8+ Kg7 45. e8=N+ Kg6 0-1

[Event "ENCI Limburg-open B"]
[Site "Maastricht"]
[Date "2009.05.31"]
[Round "4"]
[White "Bruls, Peter"]
[Black "Hollands, Maxim"]
[Result "0-1"]
[WhiteElo "1837"]
[BlackElo "1748"]
[PlyCount "70"]
[EventDate "2009.05.29"]
[EventType "swiss"]
[EventRounds "7"]
[EventCountry "NED"]
[Source "P.Boonen"]
[SourceDate "2010.01.01"]

1. c4 Nf6 2. g3 g6 3. Bg2 Bg7 4. Nc3 Nc6 5. e4 d6 6. Nge2 O-O 7. O-O e5 8. d4
h6 9. f3 exd4 10. Nxd4 Nxe4 11. fxe4 Nxd4 12. Bxh6 Bxh6 13. Qxd4 Bg7 14. Qd2
Be6 15. b3 Qd7 16. Rae1 c6 17. Rf3 Qc7 18. h3 Rad8 19. Rd1 a6 20. Rd3 b5 21. c5
d5 22. Kh2 b4 23. Ne2 a5 24. exd5 cxd5 25. Rc1 Kh7 26. Bxd5 Bh6 27. Nf4 Bxf4
28. gxf4 Rxd5 29. Rxd5 Bxd5 30. Qf2 g5 31. Qc2+ f5 32. Rf1 gxf4 33. Qf2 f3+ 34.
Kh1 Qf4 35. Rg1 Re8 0-1

[Event "ENCI Limburg-open B"]
[Site "Maastricht"]
[Date "2009.05.31"]
[Round "4"]
[White "Carcan, Stephane"]
[Black "Falter, Lennart"]
[Result "1/2-1/2"]
[WhiteElo "2022"]
[BlackElo "1829"]
[PlyCount "63"]
[EventDate "2009.05.29"]
[EventType "swiss"]
[EventRounds "7"]
[EventCountry "NED"]
[Source "P.Boonen"]
[SourceDate "2010.01.01"]

1. Nf3 d5 2. g3 e6 3. Bg2 c5 4. O-O Nf6 5. d3 Nc6 6. Nbd2 Be7 7. e4 O-O 8. Re1
b6 9. e5 Nd7 10. h4 f6 11. exf6 Bxf6 12. Nf1 Nde5 13. N1h2 Nxf3+ 14. Nxf3 e5
15. Nh2 Be6 16. Ng4 Qd6 17. Nxf6+ Rxf6 18. Bg5 Rf7 19. f4 exf4 20. Bxf4 Qd7 21.
c3 Raf8 22. Qd2 Bh3 23. Rf1 Bxg2 24. Kxg2 Qg4 25. Rae1 Ne7 26. Qd1 Qg6 27. Bg5
Rxf1 28. Rxf1 Rxf1 29. Qxf1 Nf5 30. g4 Qxg5 31. Qxf5 Qxh4 32. Qxd5+ 1/2-1/2

[Event "ENCI Limburg-open B"]
[Site "Maastricht"]
[Date "2009.05.31"]
[Round "4"]
[White "Coenen, Bert"]
[Black "Roufs, Gerard"]
[Result "0-1"]
[WhiteElo "1782"]
[BlackElo "1948"]
[PlyCount "80"]
[EventDate "2009.05.29"]
[EventType "swiss"]
[EventRounds "7"]
[EventCountry "NED"]
[Source "P.Boonen"]
[SourceDate "2010.01.01"]

1. d4 d5 2. Bg5 h6 3. Bh4 c6 4. e3 Qb6 5. Qc1 Bf5 6. Nf3 e6 7. c4 Be7 8. Bxe7
Nxe7 9. c5 Qc7 10. Nc3 a5 11. b3 Nd7 12. Be2 O-O 13. O-O e5 14. a3 Bg4 15. h3
Bh5 16. Re1 e4 17. Nd2 Bxe2 18. Rxe2 f5 19. b4 axb4 20. axb4 f4 21. Nf1 f3 22.
Rea2 Rxa2 23. Rxa2 fxg2 24. Kxg2 Nf5 25. Qa1 Nh4+ 26. Kh1 Nb8 27. Ng3 Qd7 28.
Qf1 Na6 29. Rb2 Nc7 30. b5 Ne6 31. bxc6 bxc6 32. Nce2 Ra8 33. Ng1 Ng5 34. Kh2
Nhf3+ 35. Nxf3 Nxf3+ 36. Kg2 Ng5 37. Kh2 Ra1 38. Rb8+ Kh7 39. Rb7 Rxf1 40. Rxd7
Nf3+ 0-1

[Event "ENCI Limburg-open B"]
[Site "Maastricht"]
[Date "2009.05.31"]
[Round "4"]
[White "Corvers, John"]
[Black "Heuts, John"]
[Result "0-1"]
[WhiteElo "1854"]
[BlackElo "1747"]
[PlyCount "125"]
[EventDate "2009.05.29"]
[EventType "swiss"]
[EventRounds "7"]
[EventCountry "NED"]
[Source "P.Boonen"]
[SourceDate "2010.01.01"]

1. d4 d5 2. c4 Nf6 3. Nc3 e6 4. cxd5 exd5 5. Bg5 Be7 6. Qc2 c6 7. e3 Bg4 8. Bd3
Nbd7 9. Nge2 O-O 10. h3 Bh5 11. Ng3 Bg6 12. Bxg6 hxg6 13. h4 Ng4 14. Bxe7 Qxe7
15. h5 Qg5 16. Qe2 Rae8 17. Kd2 Nxe3 18. fxe3 Qxg3 19. Rh3 Qg5 20. Rah1 Nf6 21.
Qf3 gxh5 22. g4 h4 23. Rxh4 g6 24. Kd3 Kg7 25. Qf4 Qxf4 26. exf4 Rh8 27. g5 Nd7
28. Ne2 Rxh4 29. Rxh4 Nf8 30. Nc1 Re4 31. Kc3 Ne6 32. Nd3 Rxd4 33. Rh2 Rc4+ 34.
Kd2 Nxf4 35. Ne5 Rb4 36. Kc3 Re4 37. Nd7 d4+ 38. Kd2 d3 39. Rh4 Re2+ 40. Kc3
Rc2+ 41. Kb3 Ne6 42. a4 Nc5+ 43. Nxc5 Rxc5 44. Rd4 Rd5 45. Rxd5 cxd5 46. Kc3 f6
47. Kxd3 fxg5 48. Kd4 Kf6 49. Kxd5 g4 50. Ke4 g5 51. Ke3 Kf5 52. a5 a6 53. Ke2
Ke4 54. Kf2 Kf4 55. Kg2 g3 56. Kg1 Kf3 57. Kf1 g2+ 58. Kg1 Kg3 59. b3 g4 60. b4
Kh3 61. b5 axb5 62. a6 bxa6 63. Kf2 0-1

[Event "ENCI Limburg-open B"]
[Site "Maastricht"]
[Date "2009.05.31"]
[Round "4"]
[White "Cox, Jan"]
[Black "Van den Born, Ico"]
[Result "0-1"]
[WhiteElo "1771"]
[BlackElo "1876"]
[PlyCount "76"]
[EventDate "2009.05.29"]
[EventType "swiss"]
[EventRounds "7"]
[EventCountry "NED"]
[Source "P.Boonen"]
[SourceDate "2010.01.01"]

1. e4 e6 2. d4 d5 3. Nc3 Bb4 4. a3 Bxc3+ 5. bxc3 dxe4 6. Qg4 Nf6 7. Qxg7 Rg8 8.
Qh6 Rg6 9. Qd2 b6 10. Ne2 Bb7 11. Nf4 Rg8 12. Bb2 Qd6 13. O-O-O Nbd7 14. c4
O-O-O 15. d5 e5 16. Ne2 Ng4 17. Nc3 Qg6 18. h3 Ngf6 19. d6 Ne8 20. Nd5 Qxd6 21.
Qe3 Nc5 22. Be2 f5 23. Nb4 Qe7 24. Rxd8+ Kxd8 25. Rd1+ Nd6 26. g3 Kc8 27. Nd5
Qe6 28. Qc3 Re8 29. Qe3 Kb8 30. Bh5 Nxc4 31. Qe2 Nxb2 32. Kxb2 Na4+ 33. Kc1 Rd8
34. Ne3 Rd4 35. Rxd4 exd4 36. Nc4 Nc3 37. Qf1 Ba6 38. Be2 Nxe2+ 0-1

[Event "ENCI Limburg-open B"]
[Site "Maastricht"]
[Date "2009.05.31"]
[Round "4"]
[White "Cromsigt, Jeroen"]
[Black "Provinciael, Ernest"]
[Result "1/2-1/2"]
[WhiteElo "1836"]
[BlackElo "1901"]
[PlyCount "49"]
[EventDate "2009.05.29"]
[EventType "swiss"]
[EventRounds "7"]
[EventCountry "NED"]
[Source "P.Boonen"]
[SourceDate "2010.01.01"]

1. e4 e6 2. c4 c5 3. Nf3 d6 4. d4 cxd4 5. Nxd4 Nf6 6. Nc3 Be7 7. Be2 b6 8. f4
Bb7 9. Bf3 Nbd7 10. O-O a6 11. e5 Bxf3 12. Qxf3 dxe5 13. Nc6 e4 14. Nxe4 Qc8
15. Nxe7 Kxe7 16. b3 Nxe4 17. Qxe4 f5 18. Ba3+ Kf7 19. Qd4 Qc6 20. Rad1 Nf6 21.
Qd6 Qxd6 22. Rxd6 b5 23. Rc1 Rhd8 24. Rcd1 Rdc8 25. Rc1 1/2-1/2

[Event "ENCI Limburg-open B"]
[Site "Maastricht"]
[Date "2009.05.31"]
[Round "4"]
[White "De Freytas, Paul"]
[Black "Van Steenkiste, Luc"]
[Result "1-0"]
[WhiteElo "1896"]
[BlackElo "1827"]
[PlyCount "89"]
[EventDate "2009.05.29"]
[EventType "swiss"]
[EventRounds "7"]
[EventCountry "NED"]
[Source "P.Boonen"]
[SourceDate "2010.01.01"]

1. g3 f5 2. Bg2 Nf6 3. c4 e5 4. Nc3 Be7 5. d3 O-O 6. e3 d6 7. Nge2 c6 8. O-O
Be6 9. b3 Nbd7 10. Bb2 Ng4 11. d4 Ndf6 12. h3 Nh6 13. d5 cxd5 14. Nxd5 Rb8 15.
Nec3 Nf7 16. Qd2 e4 17. Nf4 Bd7 18. h4 Ne5 19. Rfd1 Ne8 20. Ncd5 g5 21. Nxe7+
Qxe7 22. hxg5 Bc6 23. Ba3 Rd8 24. c5 d5 25. Qd4 Ng7 26. Bb2 Rfe8 27. g6 Nxg6
28. Nxg6 hxg6 29. b4 Kh7 30. a4 Ne6 31. Qf6 Qf8 32. Qh4+ Qh6 33. Qxh6+ Kxh6 34.
b5 Bd7 35. Rxd5 Nc7 36. Rd6 Be6 37. Rad1 Nd5 38. Rxd8 Rxd8 39. Bf1 Rc8 40. Bd4
Nb4 41. Rb1 Nd5 42. Be2 g5 43. Kg2 f4 44. Rh1+ Kg6 45. Bh5+ 1-0

[Event "ENCI Limburg-open B"]
[Site "Maastricht"]
[Date "2009.05.31"]
[Round "4"]
[White "Debusschere, Helmuth"]
[Black "Holwijn, Melvin"]
[Result "1/2-1/2"]
[WhiteElo "1824"]
[BlackElo "2001"]
[PlyCount "86"]
[EventDate "2009.05.29"]
[EventType "swiss"]
[EventRounds "7"]
[EventCountry "NED"]
[Source "P.Boonen"]
[SourceDate "2010.01.01"]

1. e4 e5 2. Nf3 Nf6 3. Nxe5 d6 4. Nf3 Nxe4 5. Qe2 Qe7 6. d3 Nf6 7. Bg5 Qxe2+ 8.
Bxe2 Be7 9. Nbd2 d5 10. h3 c6 11. O-O O-O 12. Rfe1 Nbd7 13. Bf4 Re8 14. Bf1 b6
15. Nd4 Bb7 16. Nf5 Bf8 17. Bd6 Re6 18. Bxf8 Nxf8 19. Nd4 Ree8 20. g3 g6 21.
Bg2 Ne6 22. N2f3 Nxd4 23. Nxd4 Rxe1+ 24. Rxe1 Re8 25. Rxe8+ Nxe8 26. f4 Nd6 27.
g4 c5 28. Ne2 d4 29. Bxb7 Nxb7 30. Ng3 Nd6 31. Ne2 Kf8 32. Kf2 Ke7 33. c3 dxc3
34. Nxc3 Ke6 35. Ke3 h5 36. b3 hxg4 37. hxg4 b5 38. d4 cxd4+ 39. Kxd4 f5 40. g5
a6 41. Nd5 a5 42. Nc7+ Kd7 43. Nd5 Ke6 1/2-1/2

[Event "ENCI Limburg-open B"]
[Site "Maastricht"]
[Date "2009.05.31"]
[Round "4"]
[White "Ducarmon, Renzo"]
[Black "Overtoom, Reinier"]
[Result "1-0"]
[WhiteElo "1670"]
[BlackElo "1725"]
[PlyCount "41"]
[EventDate "2009.05.29"]
[EventType "swiss"]
[EventRounds "7"]
[EventCountry "NED"]
[Source "P.Boonen"]
[SourceDate "2010.01.01"]

1. e4 c5 2. Nc3 g6 3. f4 d6 4. Bc4 Bg7 5. Nf3 Nc6 6. O-O e6 7. d3 a6 8. a4 Nge7
9. Qe1 O-O 10. Qh4 d5 11. Bb3 Nd4 12. Nxd4 Bxd4+ 13. Kh1 Bg7 14. Rf3 f5 15. e5
b6 16. Rh3 h6 17. Ne2 Nc6 18. Qf2 d4 19. Ng1 Kh7 20. Nf3 Rh8 21. Ng5+ 1-0

[Event "ENCI Limburg-open B"]
[Site "Maastricht"]
[Date "2009.05.31"]
[Round "4"]
[White "Geboers, Jimmy"]
[Black "Maas, Joop"]
[Result "0-1"]
[WhiteElo "1950"]
[BlackElo "1827"]
[PlyCount "92"]
[EventDate "2009.05.29"]
[EventType "swiss"]
[EventRounds "7"]
[EventCountry "NED"]
[Source "P.Boonen"]
[SourceDate "2010.01.01"]

1. d4 d5 2. Nf3 Nf6 3. c4 e6 4. Nc3 Be7 5. e3 Nbd7 6. Bd3 dxc4 7. Bxc4 O-O 8.
O-O b6 9. Ng5 e5 10. Qb3 Qe8 11. Nb5 Bd8 12. Rd1 a6 13. Bxf7+ Rxf7 14. Nxf7
Qxf7 15. dxe5 Ne4 16. e6 Qxf2+ 17. Kh1 Kf8 18. Qb4+ Ndc5 19. Rxd8+ Ke7 20. Rd1
axb5 21. Qd4 Nf6 22. Qd8+ Kxe6 23. Qxc7 Bb7 24. Qxb6+ Kf7 25. Qc7+ Kg8 26. Qg3
Nce4 27. Qh3 Re8 28. Bd2 Nxd2 29. Rac1 Nc4 30. Qg3 Qxg3 31. hxg3 Nxb2 32. Rd6
Nc4 33. Rd3 Nxe3 34. Rb3 Bxg2+ 35. Kg1 Bd5 36. Rxb5 Bxa2 37. Re1 Neg4 38. Ra1
Bd5 39. Rd1 Re2 40. Rbxd5 Nxd5 41. Rxd5 Kf7 42. Rd1 Kg6 43. Rd6+ Nf6 44. Kf1
Ra2 45. Rb6 Kg5 46. Rb7 g6 0-1

[Event "ENCI Limburg-open B"]
[Site "Maastricht"]
[Date "2009.05.31"]
[Round "4"]
[White "Goes, Dirk"]
[Black "Bitalzadeh, Mahsa"]
[Result "1-0"]
[WhiteElo "1973"]
[BlackElo "1761"]
[PlyCount "75"]
[EventDate "2009.05.29"]
[EventType "swiss"]
[EventRounds "7"]
[EventCountry "NED"]
[Source "P.Boonen"]
[SourceDate "2010.01.01"]

1. d4 Nf6 2. Bg5 e6 3. e3 d5 4. Bd3 Be7 5. Nd2 Nbd7 6. f4 c5 7. c3 h6 8. Bxf6
Bxf6 9. Ngf3 c4 10. Bc2 b5 11. a3 a5 12. O-O Ba6 13. Qe2 Qb6 14. Kh1 b4 15.
axb4 axb4 16. Rfb1 b3 17. Bd1 Ke7 18. Ne5 Bxe5 19. fxe5 Rhb8 20. Qf2 Ra7 21.
Bh5 f6 22. Qg3 Rg8 23. Qg6 Kd8 24. exf6 Nxf6 25. Ra3 Rf8 26. Bf3 Raf7 27. Rba1
Bb7 28. h3 Ne4 29. Bxe4 dxe4 30. Nxc4 Qc7 31. Ne5 Rf5 32. Qxe6 Rf1+ 33. Rxf1
Rxf1+ 34. Kh2 Rf2 35. Rxb3 Bc8 36. Qg8+ Ke7 37. Qxg7+ Rf7 38. Qxf7+ 1-0